Spécialités les plus choisis au lycée - classement - Statistiques

Statistiques générales
  • Ce quiz a été pris 1 955 fois
  • Le résultat moyen est 6 sur 12
Statistiques - réponses
Numéro Spécialités % Correct
1 Mathématiques
95%
2 Sciences économiques et sociales
83%
3 Physique-chimie
67%
4 Histoire-géographie, géopolitique et sciences politiques
63%
7 Sciences de la vie et de la Terre
57%
5 Humanités, littérature et philosophie
55%
6 Langues, littératures et cultures étrangères
54%
8 Numérique et sciences informatiques
40%
9 Arts
21%
10 Education physique et sportive
11%
11 Sciences de l'ingénieur
9%
12 Economie-gestion
2%
Aucun quiz correspondant
Distribution des résultats
% des personnes avec chaque résultat
Percentile par nombre de réponses
Votre historique - résultats
Vous n’avez pas pris ce quiz